| 000 | 00595nam a2200217Ia 4500 | ||
|---|---|---|---|
| 008 | 191130s2008##################000#0#eng## | ||
| 020 | _a9781416561057 | ||
| 022 | _a2007038164 | ||
| 040 |
_aACL _cACL |
||
| 082 | _a813.6 EMM | ||
| 100 | _aEmmons, Josh | ||
| 245 |
_aPrescription for a superior existence : a novel _cJosh Emmons |
||
| 250 | _a1st Scribner hardcover ed | ||
| 260 |
_aNew York _bScribner _c2008 |
||
| 300 | _a247 p. ; 24 cm | ||
| 650 | _aCults - Fiction | ||
| 650 | _aEnglish Fiction | ||
| 990 | _ad087cf6dac10000c6bb35062bb8a9d02 | ||
| 991 | _a364814 | ||
| 999 |
_c42462 _d42462 |
||